| 000 | 00690nam a2200217 4500 | ||
|---|---|---|---|
| 001 | 141746 | ||
| 003 | ES-MaACL | ||
| 005 | 20230906200346.0 | ||
| 007 | t| | ||
| 008 | 070927s1942 sp a ||||1| spa d | ||
| 080 | _a655.4/.5:821.134.2'373.46 | ||
| 080 | _a655.11 | ||
| 100 | 1 |
_aVindel, Francisco. _9115321 |
|
| 245 | 1 | 0 |
_aManual de conocimientos técnicos y culturales para profesionales del libro / _cFrancisco Vindel. |
| 250 | _a2ª ed. aum. | ||
| 260 |
_aMadrid : _b[s.n.], _c1942 ( _fImp. Góngora) |
||
| 300 |
_aVIII, 197 p. : _bil. ; _c25 cm. |
||
| 650 | 1 | 4 |
_aLibros- _xComercio- _xTerminología. _9146045 |
| 650 | 4 |
_aImprenta- _vHistoria. _9144605 |
|
| 852 |
_aES-MaACL _jD-6879 |
||
| 999 |
_c141746 _d141746 |
||